| 000 | 00392nam a2200133Ia 4500 | ||
|---|---|---|---|
| 008 | 210430s9999 xx 000 0 und d | ||
| 020 | _a13:978-0-07-066717-4 | ||
| 082 | _a620.11 S639 M | ||
| 100 |
_aWilliam F Smith _952829 |
||
| 245 |
_a Materials science and Engineering in Si units _cWilliam F Smith |
||
| 260 |
_aNew Delhi _bTata McGraw Hill _c2010 |
||
| 300 | _a942p. | ||
| 942 |
_cBK _2ddc |
||
| 999 |
_c564651 _d564651 |
||